Sabores de Estados Unidos / (Registro nro. 12658)
[ vista simple ]
| 000 -LIDER | |
|---|---|
| fixed length control field | 00702nam a22002297a 4500 |
| 003 - IDENTIFICACDOR DE NÚMERO DE CONTROL | |
| control field | DO-SdBPM |
| 005 - DATE AND TIME OF LATEST TRANSACTION | |
| control field | 20250530093724.0 |
| 008 - ELEMENTOS DE LONGITUD FIJA | |
| fixed length control field | 161031b 2006 xxu a 1 00| 0 spa d |
| 020 ## - ISBN | |
| International Standard Book Number | 076527728X |
| 040 ## - FUENTE DE CATALOGACIÓN | |
| Agencia que crea de manera original el registro | BPMSU |
| Idioma de catalogación | spa |
| Agencia que realiza la transcripción | BPMSU |
| 082 ## - NÚMERO DE CLASIFICACIÓN DECIMAL DE DEWEY | |
| Classification number | 641.5973 |
| Item number | W581s 2006 |
| Edition number | 22 |
| 100 1# - ASIENTO PRINCIPAL -- NOMBRE PERSONAL | |
| Nombre personal | Whitcraft, Melissa |
| 245 10 - MENCIÓN DE TITULO | |
| Título | Sabores de Estados Unidos / |
| Mención de responsabilidad | Melissa Whitcraft |
| 260 ## - PUBLICACIÓN, DISTRIBUCIÓN, ETC. (PIE DE IMPRENTA) | |
| Lugar de publicación, distribución, etc | Estados Unidos : |
| Nombre del editor, distribuidor, etc. | Celebration Press ; |
| -- | Pearson Learning Group , |
| Fecha de publicación, distribución, etc | 2006. |
| 300 ## - DESCRIPCIÓN FÍSICA | |
| Extensión | 32 p. : |
| Otros detalles físicos | il. ; |
| Dimensiones | 25 cm. |
| 490 0# - MENCIÓN DE SERIES | |
| Mención de serie | iOpeners |
| 500 ## - NOTA GENERAL | |
| Nota general | Incluye glosario |
| 650 #4 - ENCABEZAMIENTO DE MATERIA--TEMÁTICO | |
| Término temático o nombre geográfico como elemento de entrada | Cocina |
| 650 #4 - ENCABEZAMIENTO DE MATERIA--TEMÁTICO | |
| Término temático o nombre geográfico como elemento de entrada | Gastronomía |
| Subdivisión temática general | Historia |
| Subdivisión geográfica | Estados Unidos |
| 910 ## - VALIDACIÓN | |
| Validación | VMateo V. Control de calida. BPMSU |
| 942 ## - ADDED ENTRY ELEMENTS (KOHA) | |
| Source of classification or shelving scheme | Dewey Decimal Classification |
| Koha item type | Libros |
| Withdrawn status | Lost status | Source of classification or shelving scheme | Damaged status | Not for loan | Collection code | Home library | Current library | Date acquired | Source of acquisition | Total Checkouts | Full call number | Barcode | Date last seen | Price effective from | Koha item type |
|---|---|---|---|---|---|---|---|---|---|---|---|---|---|---|---|
| Dewey Decimal Classification | Colección Infantil General | Biblioteca Pública Metropolitana Salomé Ureña | Biblioteca Pública Metropolitana Salomé Ureña | 10/20/2017 | Donado por el Despacho de la Primera Dama | BPMSU CG 641.5973 W581s 2006 | BPMSU17100101 | 10/20/2017 | 10/20/2017 | Libros |